000 00657nam a2200205 4500
001 117792
003 ES-MaACL
005 20230906190954.0
007 t|
008 070214s1945 ag r ||||1| spa d
100 0 _aPéguy, Charles.
_989969
245 1 0 _aNuestra juventud /
_cCharles Péguy ; versión directa de María Zoraida Villarroel.
260 _aBuenos Aires :
_bEmecé,
_c1945.
300 _a239 p. ;
_c19 cm.
490 1 _aColección grandes ensayistas ;
_v10
700 1 _aVillarroel, María Zoraida.
_9115141
830 0 _aColección grandes ensayistas ;
_v10
_9186406
852 _aES-MaACL
_jE-296
_bR.27199
999 _c117792
_d117792